Volleyball World League MVP's - Statystyki

Ogólne statystyki
  • Ten quiz został rozwiązany 313 razy
  • Średni wynik to 3 z 25
Statystyki odpowiedzi
Hint Odpowiedź % Poprawnych
2012 Bartosz Kurek
91%
2006 Giba
59%
2010 Murilo Endres
19%
2011 Maksim Michajłow
16%
2008 Lloy Ball
13%
2014 Taylor Sander
12%
2009 Sergio Santos
11%
2007 Ricardo Garcia
10%
1994 Andrea Giani
9%
2001 Ivan Miljkovic
8%
2002 Ivan Miljkovic
8%
2003 Ivan Miljkovic
8%
2005 Ivan Miljkovic
8%
1992 Lorenzo Bernardi
8%
1996 Lorenzo Bernardi
8%
2000 Andrea Sartoretti
6%
2004 Andrea Sartoretti
6%
1990 Andrea Zorzi
5%
1991 Andrea Zorzi
5%
2013 Nikołaj Pawłow
5%
1995 Dmitrij Fomin
3%
1993 Giovanne Gavio
3%
1998 Oswaldo Hernandez
3%
1999 Oswaldo Hernandez
3%
1997 Guido Görtzen
2%
Nie znaleziono quizów pasujących do podanych kryteriów
Rozkład punktacji
Procent ludzi z każdym wynikiem
Percentyl według liczby udzielonych odpowiedzi
Twoja historia wyników
Nie rozwiązałeś tego quizu